| 000 | 00360nam a2200133Ia 4500 | ||
|---|---|---|---|
| 008 | 240624s9999 xx 000 0 und d | ||
| 041 | _aeng | ||
| 082 | _a158 HAL | ||
| 100 | _aHALL L MICHAEL | ||
| 245 | _aSTRUCTURE OF PERSONALITY MODELING PERSON | ||
| 260 |
_c2003 _aUnited Kingdom _bCrown House Publishing |
||
| 300 | _axvii, 472 p.; 23 cm. | ||
| 365 |
_c _b38 |
||
| 999 |
_c29160 _d29160 |
||